| 000 | 00393nam a22001697a 4500 | ||
|---|---|---|---|
| 003 | NUST - PNEC | ||
| 005 | 20170116180920.0 | ||
| 008 | 150904b xxu||||| |||| 00| 0 eng d | ||
| 020 | _a8122418759 | ||
| 040 | _cLIBRARY | ||
| 082 | _a531 SHU | ||
| 100 |
_97710 _aShukla, R. K. |
||
| 245 |
_aMechanics _cR. K. Shukla |
||
| 260 | _cc.2006 | ||
| 650 |
_97713 _aMechanics _xME |
||
| 942 |
_2ddc _cBK |
||
| 999 |
_c65589 _d65589 |
||